000
00314nam a2200133Ia 4500
005
20251222143135.0
008
251222s9999||||xx |||||||||||||| ||spa||
082
_a
305.23/C25
100
_a
Cánepa, María Angela
245
0
_a
Esquinas, Rincones, Pasadizos
250
_a
1ra. ed.
264
_b
CEP
942
_c
LIB
999
_c
12089
_d
12089